00386 a2200109 4500001001000000005001700010008004100027245007800068100002100146773009200167999001700259ART_4507520260410162038.0260409a 10aEconomía, desocupación y pobreza en Catamarca y Tucumán (1980-2002)1 aOsatinsky, Ariel0 tRevista de estudios regionales y mercado de trabajog- N° 3 (ene./dic. 2007)wREV44894 c34645d34645